Báo cáo kết quả nghiên cứu đề tài cơ hội tiếp cận và thụ hưởng giáo dục tiểu học của các cộng đồng dân cư tỉnh Lâm Đồng : Thực trạng và giải pháp.
Na minha lista:
| Formato: | Sách giấy |
|---|---|
| Idioma: | Vietnamese |
| Publicado em: |
Đà Lạt :
Trường Đại học Đà Lạt,
2008.
|
| Assuntos: | |
| Tags: |
Adicionar Tag
Sem tags, seja o primeiro a adicionar uma tag!
|
| Thư viện lưu trữ: | Thư viện Trường Đại học Đà Lạt |
|---|
| LEADER | 00870nam a2200289 4500 | ||
|---|---|---|---|
| 001 | DLU120133164 | ||
| 005 | ##20120330 | ||
| 040 | # | # | |a DLU |b vie |
| 041 | # | # | |a vie |
| 044 | # | # | |a vn |
| 082 | # | # | |a 372.959 7 |b Bao |
| 245 | # | # | |a Báo cáo kết quả nghiên cứu đề tài cơ hội tiếp cận và thụ hưởng giáo dục tiểu học của các cộng đồng dân cư tỉnh Lâm Đồng : |b Thực trạng và giải pháp. |
| 260 | # | # | |a Đà Lạt : |b Trường Đại học Đà Lạt, |c 2008. |
| 300 | # | # | |a 95 tr. ; |c 29 cm. |
| 650 | # | # | |a Giáo dục tiểu học |x Đánh giá |z Việt Nam |z Lâm Đồng. |
| 923 | # | # | |a 01/2012SP |
| 991 | # | # | |a SH |
| 992 | # | # | |a 0 |
| 994 | # | # | |a KSP |
| 998 | # | # | |a LA |
| 900 | # | # | |a True |
| 911 | # | # | |a Nguyễn Thanh Hương |
| 925 | # | # | |a G |
| 926 | # | # | |a A |
| 927 | # | # | |a SH |
| 980 | # | # | |a Thư viện Trường Đại học Đà Lạt |